[Event "Anapa op"]
[Site "Anapa"]
[Date "2012.09.06"]
[Round "7"]
[White "Idrisova, Roza"]
[Black "Semenov, Evgeny D"]
[Result "1-0"]
[WhiteElo "2085"]
[BlackElo "1857"]
[PlyCount "89"]
[EventDate "2012.08.30"]
[EventType "swiss"]
[EventRounds "9"]
[EventCountry "RUS"]
[SourceTitle "CBM 150 Extra"]
[Source "ChessBase"]
[SourceDate "2012.10.19"]
[SourceVersion "1"]
[SourceVersionDate "2012.10.19"]
[SourceQuality "1"]

1. d4 Nf6 2. c4 g6 3. Nc3 Bg7 4. e4 d6 5. Be2 0-0 6. Nf3 e5 7. 0-0 exd4 8. Nxd4 Nc6 9. Nxc6 bxc6 10. Bg5 h6 11. Bh4 Rb8 12. Qc2 Qe7 13. f4 Qe6 14. Rae1 Bd7 15. Bd3 Ng4 16. e5 dxe5 17. h3 Nf6 18. Rxe5 Qd6 19. Bf2 Rxb2 20. Qxb2 Qxd3 21. Qb3 Be6 22. Nd5 Qxb3 23. Ne7+ Kh7 24. axb3 Ng8 25. Nxc6 Bxe5 26. Nxe5 Rb8 27. Rb1 a6 28. Nc6 Ra8 29. Bd4 Bd7 30. Ne5 Be8 31. Ra1 f6 32. Ng4 Kg7 33. Bc3 h5 34. Nf2 Rb8 35. Ra3 Kf7 36. Ne4 Bd7 37. Nc5 Bc8 38. Ba5 c6 39. Bc7 Rb4 40. Bd6 Rb6 41. Ne4 Ke6 42. Bc5 Rb8 43. Nd6 Bd7 44. b4 Ra8 45. Re3# 1-0

[Event "Anapa op"]
[Site "Anapa"]
[Date "2012.09.05"]
[Round "6"]
[White "Semenov, Evgeny D"]
[Black "Vildanov, Ruslan"]
[Result "0-1"]
[WhiteElo "1857"]
[BlackElo "1964"]
[PlyCount "64"]
[EventDate "2012.08.30"]
[EventType "swiss"]
[EventRounds "9"]
[EventCountry "RUS"]
[SourceTitle "CBM 150 Extra"]
[Source "ChessBase"]
[SourceDate "2012.10.19"]
[SourceVersion "1"]
[SourceVersionDate "2012.10.19"]
[SourceQuality "1"]

1. e4 e5 2. Nf3 Nc6 3. Bb5 a6 4. Ba4 Nf6 5. 0-0 Be7 6. Re1 b5 7. Bb3 0-0 8. c3 d5 9. exd5 Nxd5 10. Nxe5 Nxe5 11. Rxe5 c6 12. d4 Bd6 13. Re1 Qh4 14. g3 Qh3 15. Qd3 Bg4 16. Be3 Rae8 17. Nd2 Re6 18. Qf1 Qh5 19. Bd1 f5 20. Bxg4 Qxg4 21. f3 Qh5 22. Bf2 Rg6 23. a4 Nf4 24. axb5 axb5 25. d5 Rh6 26. h4 Rg6 27. Kh1 Nxd5 28. Qh3 Rd8 29. Re2 Bf4 30. gxf4 Nxf4 31. Qf1 Rxd2 32. Be1 Rxe2 0-1

[Event "Karelia-ch Seniors"]
[Site "Petrozavodsk"]
[Date "2011.11.22"]
[Round "4"]
[White "Semenov, Evgeny D"]
[Black "Vikulin, Alexander A"]
[Result "1/2-1/2"]
[WhiteElo "1844"]
[BlackElo "1691"]
[PlyCount "48"]
[EventDate "2011.11.19"]
[EventType "swiss"]
[EventRounds "7"]
[EventCountry "RUS"]
[SourceTitle "EXT 2022"]
[Source "ChessBase"]
[SourceDate "2021.10.06"]
[SourceVersion "1"]
[SourceVersionDate "2021.10.06"]
[SourceQuality "1"]

1. d4 d6 2. e4 Nd7 3. Nf3 e5 4. Nc3 Ngf6 5. Be2 Be7 6. 0-0 0-0 7. h3 c6 8. Be3 a6 9. a3 b5 10. dxe5 dxe5 11. Nd2 Bb7 12. Bf3 Qc7 13. Qe2 Rfd8 14. Rfd1 a5 15. Rac1 Ba6 16. Qe1 Rab8 17. g4 h6 18. Ne2 Nh7 19. Ng3 Bf8 20. Nf5 b4 21. a4 c5 22. b3 Nb6 23. Be2 Bc8 24. Qf1 g5 1/2-1/2

[Event "Anapa op-B"]
[Site "Anapa"]
[Date "2010.09.06"]
[Round "5"]
[White "Krikunov, Valery"]
[Black "Semenov, Evgeny D"]
[Result "1-0"]
[WhiteElo "2081"]
[BlackElo "1851"]
[PlyCount "81"]
[EventDate "2010.08.31"]
[EventType "swiss"]
[EventRounds "9"]
[EventCountry "RUS"]
[SourceTitle "EXT 2013"]
[Source "ChessBase"]
[SourceDate "2012.11.22"]
[SourceVersion "1"]
[SourceVersionDate "2012.11.22"]
[SourceQuality "1"]

1. e4 e5 2. Nf3 Nc6 3. d4 exd4 4. Nxd4 Qf6 5. Be3 Bc5 6. c3 Nge7 7. Bc4 d6 8. 0-0 Bb6 9. Na3 0-0 10. Nac2 Qg6 11. f3 Be6 12. Nxe6 Bxe3+ 13. Nxe3 fxe6 14. Qb3 Nd8 15. Rae1 Kh8 16. Bd3 e5 17. Nf5 Qf6 18. Bb1 b6 19. Qc4 Ne6 20. g3 g6 21. Nh4 Kg7 22. Bc2 a5 23. a3 b5 24. Qe2 b4 25. Ng2 bxc3 26. bxc3 Rfb8 27. Qe3 Rb2 28. Re2 Ra2 29. a4 Rb8 30. f4 Rbb2 31. Ne1 Ra3 32. fxe5 Qxe5 33. Qf3 Nc6 34. Qf7+ Kh6 35. Nf3 Qxc3 36. Qxe6 Rxc2 37. Qh3+ Kg7 38. Ng5 Qc5+ 39. Kh1 Qxg5 40. Rxc2 Ne7 41. Qe6 1-0

[Event "Anapa op-B"]
[Site "Anapa"]
[Date "2010.09.01"]
[Round "1"]
[White "Moiseenko, Vadim"]
[Black "Semenov, Evgeny D"]
[Result "1-0"]
[WhiteElo "2307"]
[BlackElo "1851"]
[PlyCount "73"]
[EventDate "2010.08.31"]
[EventType "swiss"]
[EventRounds "9"]
[EventCountry "RUS"]
[SourceTitle "EXT 2013"]
[Source "ChessBase"]
[SourceDate "2012.11.22"]
[SourceVersion "1"]
[SourceVersionDate "2012.11.22"]
[SourceQuality "1"]

1. e4 e5 2. Nc3 Nf6 3. Bc4 Nc6 4. d3 Bb4 5. Nge2 d5 6. exd5 Nxd5 7. 0-0 Be6 8. Ne4 Be7 9. f4 Nxf4 10. Bxf4 Bxc4 11. dxc4 Qxd1 12. Raxd1 exf4 13. Nxf4 Ne5 14. Rde1 c6 15. Ng3 f6 16. Ne6 Kd7 17. Nxg7 Nxc4 18. b3 Ne5 19. Ne4 Raf8 20. Rf5 Rhg8 21. Rd1+ Kc8 22. Ne6 Rf7 23. h3 Nd7 24. Kh1 Rg6 25. c4 b6 26. g4 Nf8 27. Nf4 Rg8 28. Nd6+ Bxd6 29. Rxd6 c5 30. Rdxf6 Rxf6 31. Rxf6 Nd7 32. Rf7 h6 33. Nd5 Rh8 34. Kg2 a6 35. a4 Kd8 36. Kg3 Ne5 37. Ra7 1-0

[Event "Anapa op"]
[Site "Anapa"]
[Date "2009.09.04"]
[Round "5"]
[White "Abrosimov, Nikolay"]
[Black "Semenov, Evgeny D"]
[Result "1-0"]
[WhiteElo "2065"]
[BlackElo "1807"]
[PlyCount "55"]
[EventDate "2009.08.31"]
[EventType "swiss"]
[EventRounds "9"]
[EventCountry "RUS"]
[SourceTitle "CBM 132 Extra"]
[Source "ChessBase"]
[SourceDate "2009.11.03"]
[SourceVersion "1"]
[SourceVersionDate "2009.11.03"]
[SourceQuality "1"]

1. c4 Nf6 2. Nc3 g6 3. g3 Bg7 4. d4 d5 5. cxd5 Nxd5 6. Bg2 Nxc3 7. bxc3 c5 8. e3 Nc6 9. Ne2 0-0 10. 0-0 Qa5 11. Bd2 c4 12. e4 Rd8 13. Qc2 Rb8 14. a4 Qc7 15. Rfb1 b6 16. Nc1 Bb7 17. Be3 Na5 18. Rb4 e6 19. f3 Qe7 20. Bf1 Bxd4 21. Bxd4 Rxd4 22. Rxb6 Qd8 23. Rb5 Rd2 24. Qb1 Qc7 25. Qb4 Nc6 26. Qxc4 Ba6 27. Rxb8+ Qxb8 28. Qxc6 1-0

[Event "Anapa op"]
[Site "Anapa"]
[Date "2009.09.03"]
[Round "4"]
[White "Cherevko, Kiril"]
[Black "Semenov, Evgeny D"]
[Result "1-0"]
[WhiteElo "2116"]
[BlackElo "1807"]
[PlyCount "124"]
[EventDate "2009.08.31"]
[EventType "swiss"]
[EventRounds "9"]
[EventCountry "RUS"]
[SourceTitle "CBM 132 Extra"]
[Source "ChessBase"]
[SourceDate "2009.11.03"]
[SourceVersion "1"]
[SourceVersionDate "2009.11.03"]
[SourceQuality "1"]

1. d4 Nf6 2. Nf3 g6 3. Bf4 d6 4. h3 Nbd7 5. e3 Bg7 6. Be2 0-0 7. 0-0 c6 8. c4 Ne4 9. Nbd2 Nxd2 10. Qxd2 e5 11. Bh2 Qe7 12. Rab1 a5 13. b3 Re8 14. Rfd1 e4 15. Ne1 b6 16. a3 Ba6 17. b4 axb4 18. axb4 d5 19. b5 Bb7 20. bxc6 Bxc6 21. cxd5 Bxd5 22. Bb5 Ra2 23. Qb4 Qe6 24. Qd6 Re7 25. Qxe6 fxe6 26. Rdc1 Rf7 27. Rc2 h5 28. Rxa2 Bxa2 29. Rb2 Bd5 30. Nc2 Bf8 31. Nb4 Nf6 32. Be5 Nd7 33. Bxd7 Rxd7 34. Nxd5 exd5 35. Rxb6 Kh7 36. Rc6 Rb7 37. Rc7+ Rxc7 38. Bxc7 g5 39. f3 exf3 40. gxf3 Bg7 41. Kf2 Kg6 42. Bd8 Kf5 43. Kg3 Bf8 44. Bc7 Bh6 45. Kf2 Bg7 46. Bd8 Bh6 47. Ke2 g4 48. fxg4+ hxg4 49. h4 Bg7 50. Bc7 Bh6 51. Kd3 Bf8 52. Bf4 Be7 53. h5 Bh4 54. Ke2 Be7 55. Kf2 Bh4+ 56. Kg2 Be7 57. Kg3 Bb4 58. Kf2 Be7 59. h6 Kg6 60. Kg3 Bf8 61. Kxg4 Bxh6 62. Bxh6 Kxh6 1-0

[Event "Anapa op"]
[Site "Anapa"]
[Date "2009.08.31"]
[Round "1"]
[White "Semenov, Evgeny D"]
[Black "Pogosian, Georgy"]
[Result "1-0"]
[WhiteElo "1807"]
[BlackElo "2241"]
[PlyCount "72"]
[EventDate "2009.08.31"]
[EventType "swiss"]
[EventRounds "9"]
[EventCountry "RUS"]
[SourceTitle "CBM 132 Extra"]
[Source "ChessBase"]
[SourceDate "2009.11.03"]
[SourceVersion "1"]
[SourceVersionDate "2009.11.03"]
[SourceQuality "1"]

1. d4 e6 2. Nf3 f5 3. g3 Nf6 4. c4 Bb4+ 5. Bd2 a5 6. Bg2 0-0 7. 0-0 Ne4 8. Qc2 b6 9. Nc3 Bb7 10. Rad1 Bxc3 11. Bxc3 d6 12. Ne1 Nd7 13. Nd3 Qe7 14. f3 Nxc3 15. Qxc3 Nf6 16. Rde1 Rae8 17. e4 fxe4 18. fxe4 e5 19. dxe5 dxe5 20. Rf5 Nd7 21. Ref1 Rxf5 22. Rxf5 g6 23. Rf1 Qd6 24. Rd1 Qd4+ 25. Qxd4 exd4 26. Nf4 c5 27. Bh3 Ne5 28. Be6+ Kf8 29. Rf1 Ke7 30. Bd5 Bxd5 31. Nxd5+ Kd6 32. b3 Ng4 33. h3 Ne3 34. Rf6+ Ke5 35. Rxb6 Kxe4 36. Nf6+ Kd3 1-0

[Event "Rybinsk op"]
[Site "Rybinsk"]
[Date "2009.06.15"]
[Round "2"]
[White "Semenov, Evgeny D"]
[Black "Plotnikov, M."]
[Result "1-0"]
[WhiteElo "1807"]
[BlackElo "2142"]
[PlyCount "73"]
[EventDate "2009.06.14"]
[EventType "swiss"]
[EventRounds "9"]
[EventCountry "RUS"]
[SourceTitle "CBM 131 Extra"]
[Source "ChessBase"]
[SourceDate "2009.09.03"]
[SourceVersion "2"]
[SourceVersionDate "2009.09.16"]
[SourceQuality "1"]

1. d4 d5 2. c4 c6 3. Nc3 Nf6 4. Nf3 e6 5. e3 Nbd7 6. Bd3 Bd6 7. 0-0 0-0 8. b3 Qe7 9. Bb2 b6 10. Re1 Bb7 11. Rc1 Rac8 12. Qe2 Rfe8 13. Nd2 c5 14. g3 h6 15. f3 e5 16. Nxd5 Nxd5 17. cxd5 exd4 18. e4 Qg5 19. Bb5 Rcd8 20. Qg2 a6 21. Bd3 Qh5 22. f4 Bb8 23. e5 Nf8 24. Be4 Ng6 25. Rcd1 Ba8 26. a4 a5 27. Nc4 Bc7 28. Bc1 Qg4 29. Bf3 Qf5 30. d6 Bxf3 31. Qxf3 Bb8 32. g4 Qc2 33. Nxb6 Nh4 34. Qg3 Ng6 35. Rd2 Qc3 36. Rd3 Qb4 37. Nd5 1-0

[Event "Northwest-ch Seniors"]
[Site "Kirishi"]
[Date "2009.01.19"]
[Round "4"]
[White "Semenov, Vladimir"]
[Black "Semenov, Evgeny D"]
[Result "1-0"]
[WhiteElo "2038"]
[BlackElo "1778"]
[PlyCount "55"]
[EventDate "2009.01.16"]
[EventType "swiss"]
[EventRounds "9"]
[EventCountry "RUS"]
[SourceTitle "EXT 2010"]
[Source "ChessBase"]
[SourceDate "2010.11.25"]
[SourceVersion "1"]
[SourceVersionDate "2010.11.25"]
[SourceQuality "1"]

1. d4 Nf6 2. Nf3 g6 3. c4 Bg7 4. g3 c6 5. Bg2 d5 6. 0-0 0-0 7. cxd5 cxd5 8. Nc3 Nc6 9. Bf4 Bf5 10. Qb3 b6 11. Rfd1 Na5 12. Qb4 Rc8 13. Ne5 Nc4 14. Rac1 e6 15. Nb5 Nxe5 16. dxe5 Rxc1 17. Bxc1 Nd7 18. e4 a5 19. Qd2 Nxe5 20. exf5 gxf5 21. b3 Qd7 22. a4 Rc8 23. Bb2 f6 24. h3 Nf7 25. f4 Nd8 26. Bd4 Rc6 27. Qe3 Qb7 28. Bxd5 1-0